Independence from the UK Quiz Stats

Quiz Updated Apr 25, 2018

Challenge
Share
Tweet
Embed
Score 0/59 Timer 07:00
5 Plays Today
Continent Country % Correct
North AmericaCanada
98%
North AmericaUnited States of America
97.7%
OceaniaAustralia
95.4%
OceaniaNew Zealand
93.1%
AsiaIndia
93%
AfricaSouth Africa
89%
AsiaPakistan
80.9%
EuropeIreland
79.1%
AfricaEgypt
75.2%
North AmericaJamaica
73.7%
AfricaKenya
72%
AfricaZimbabwe
66.4%
AsiaIraq
64.8%
North AmericaBahamas
64.7%
OceaniaFiji
63.7%
AfricaNigeria
62.8%
AsiaIsrael
61.3%
AsiaSri Lanka
60.9%
AfricaSudan
60.8%
AsiaMalaysia
60.4%
North AmericaBarbados
60.3%
North AmericaSaint Kitts & Nevis
57.9%
AfricaTanzania
57.8%
AfricaGhana
57.8%
North AmericaTrinidad & Tobago
57%
AfricaZambia
55.4%
AsiaMyanmar
55.1%
AfricaUganda
54.9%
AsiaJordan
54.6%
AfricaLesotho
54.2%
Continent Country % Correct
South AmericaGuyana
53.7%
AsiaAfghanistan
53.5%
North AmericaBelize
53.1%
North AmericaSaint Lucia
52.7%
AfricaSomalia
52.7%
AsiaYemen (South)
52.7%
North AmericaSaint Vincent & the Grenadines
51.4%
AfricaBotswana
51.3%
AfricaSwaziland
51.1%
North AmericaDominica
50.8%
EuropeMalta
49.5%
AsiaUnited Arab Emirates
49.4%
North AmericaGrenada
49.1%
North AmericaAntigua & Barbuda
48.6%
OceaniaTuvalu
47.3%
EuropeCyprus
47%
AsiaKuwait
47%
AsiaQatar
45.4%
OceaniaVanuatu
45.4%
OceaniaSolomon Islands
45%
AfricaMalawi
43.6%
AsiaBahrain
42.7%
OceaniaKiribati
41.9%
AfricaSeychelles
41.1%
AfricaThe Gambia
40.6%
AsiaMaldives
39.9%
AfricaSierra Leone
37.7%
AsiaBrunei
36.3%
AfricaMauritius
36%

You're not logged in!

Compare scores with friends on all Sporcle quizzes.
Join for Free
OR
Log In

You Might Also Like...

Show Comments

Extras

Top Quizzes Today


Score Distribution

Your Account Isn't Verified!

In order to create a playlist on Sporcle, you need to verify the email address you used during registration. Go to your Sporcle Settings to finish the process.

Report this User

Report this user for behavior that violates our Community Guidelines.

Details: